¿Y quién es ese señor? : (Record no. 150079)

MARC details
000 -CABECERA
campo de control de longitud fija 00748nam a2200205 u 4500
005 - FECHA Y HORA DE LA ÚLTIMA TRANSACCIÓN
campo de control 20260328064231.0
008 - ELEMENTOS DE LONGITUD FIJA--INFORMACIÓN GENERAL
campo de control de longitud fija 101001s2007 mx r 000 0 spa d
020 ## - NÚMERO INTERNACIONAL NORMALIZADO PARA LIBROS
Número Internacional Estándar del Libro 9706870784 (10 digitos)
020 ## - NÚMERO INTERNACIONAL NORMALIZADO PARA LIBROS
Número Internacional Estándar del Libro 9789703512744 (13 digitos)
035 ## - NÚMERO DE CONTROL DEL SISTEMA
Número de control de sistema UPN01000177976
049 ## - COLECCIÓN
Colección I
050 #4 - SIGNATURA TOPOGRÁFICA DE LA BIBLIOTECA DEL CONGRESO
Número de clasificación ML1410
Número de documento/Ítem R3.8
100 1# - ASIENTO PRINCIPAL--NOMBRE PERSONAL
Nombre de persona Ramírez Castañeda, Elisa,
Fechas asociadas al nombre 1947-
9 (RLIN) 33624
245 01 - MENCIÓN DE TÍTULO
Título ¿Y quién es ese señor? :
Resto del título antología ilustrada de un grillito fabulista y cantador /
Mención de responsabilidad, etc. Elisa Ramírez Castañeda ; pról. Emilio Carballido.
260 ## - PUBLICACIÓN, DISTRIBUCIÓN, ETC.
Lugar de publicación, distribución, etc. México :
Nombre del editor, distribuidor, etc. CNCA :
-- Gabsol,
Fecha de publicación, distribución, etc. 2007.
300 ## - DESCRIPCIÓN FÍSICA
Extensión 159 p. :
Otras características físicas il. col.
600 12 - ASIENTO SECUNDARIO DE MATERIA - NOMBRE PERSONAL
Nombre de persona Gabilondo Soler, Francisco,
Fechas asociadas al nombre 1907-1990
9 (RLIN) 33343
650 #2 - ASIENTO SECUNDARIO DE MATERIA - TERMINO TEMATICO
Término de materia o nombre geográfico como elemento de entrada Compositores mexicanos
Subdivisión de forma Biografía
9 (RLIN) 9745
905 ## - TIPO DE MATERIAL
Tipo de material Infantil
Holdings
Estado de retiro Estado de pérdida Fuente del sistema de clasificación o colocación Estado dañado No para préstamo Código de colección Localización permanente Ubicación/localización actual Ubicación en estantería Fecha de adquisición Total de préstamos Clasificación Código de barras Fecha visto por última vez Número de copia Tipo de ítem Koha Precio válido a partir de Nota pública
    Library of Congress Classification     Colección General Bib. Gregorio Torres Quintero Bib. Gregorio Torres Quintero Planta baja 11/05/2023 2 ML1410 R3.8 274780 31/12/2020 1 Libro    
    Library of Congress Classification     Materiales complementarios y otros recursos electrónicos  Bib. Gregorio Torres Quintero Bib. Gregorio Torres Quintero Mostrador de préstamo Planta baja 12/08/2024   ML1410 R3.8 339674 12/08/2024   Disco Compacto 12/08/2024 Solicítalo en el mostrador de préstamo